Determinants of the Growth of Small and Medium Enterprises

Uskutočnenie kvalitatívneho terénneho výskumu na vzorke 146 MSP. Skúmanie najdôležitejších vonkajších a vnútorných determinantov rastu MSP. Rozbor vnútorných prekážok rastu MSP.

Guardado en:
Detalles Bibliográficos
Autor principal: Slávik, Štefan, 1955-
Formato: Capítulo de libro
Lenguaje:inglés
Materias:
Etiquetas: Agregar Etiqueta
Sin Etiquetas, Sea el primero en etiquetar este registro!

MARC

LEADER 00000naa a2200000 4500
001 0298789
005 20240502074533.4
041 0 |a eng 
044 |a SK 
245 1 0 |a Determinants of the Growth of Small and Medium Enterprises  |c Štefan Slávik 
520 |a Uskutočnenie kvalitatívneho terénneho výskumu na vzorke 146 MSP. Skúmanie najdôležitejších vonkajších a vnútorných determinantov rastu MSP. Rozbor vnútorných prekážok rastu MSP. 
610 2 0 |a podnik malý 
610 2 0 |a podnik stredný 
610 2 0 |a rast podniku 
610 2 0 |a bariéry podnikania 
610 2 0 |a výskum kvalitatívny 
100 1 |a Slávik, Štefan, 1955-